000
00204 a2200097 4500
020
_a
9781614350774
041
_a
spa
100
_a
Mcdonald Megan
245
_a
judy moody y un verano que promete
942
_c
BK
999
_c
8316
_d
8316